000 01823ncm0a2200361 4500
001 RU\NLR\ONIZ\217013
005 20250626062440.0
010 _a978-5-93491-671-9
021 _aRU
_b15-356н
_915-21н
035 _a(NLR Aleph) 011414525
090 _a11576519
_c11576519
100 _a20170406d2015 |||y0rusy50 ca
101 0 _arus
102 _aRU
125 _abx
145 0 _ab
200 1 _aВ новом звучании...
_bНоты
_eаранж. для анс. рус. нар. инструментов
_hСб. 1
_fЛ. Г. Липаткина
208 _a[Партитура]
210 _aКраснодар
_cПросвещение-Юг
_d2015
215 _a55 с.
_d30 см
313 _aСистематизация документа проведена по изданию - Методика классифицирования музыкальных произведений (нотных изданий) по таблицам Библиотечно-библиографических классификаций : метод. рекомендации / Гос. б-ка СССР им. В.И. Ленина.- М., 1977. Индексу ББК методических рекомендаций присваивается код ББК для научных библиотек - LBC/SL
686 _aЩ953.2я44(2Р)
_vLBC/SL
_2rubbk
700 1 _9z01790
_aЛипаткина
_bЛ. Г.
_gЛюбовь Григорьевна
_4230
790 1 _9z01700
_aLipatkina
_bL. G.
_gLyubov' Grigor'evna
_4230
801 0 _aRU
_bNLR
_c20170406
_gPSBO
801 1 _aRU
_bNLR
_c20170406
_2rusmarc
801 2 _aRU
_bNLR
_c20190630
852 _aNLR
_bМ
_jК-3/28352(1)
_pМОЭ 2015-21н/356н
_t1
852 _aNLR
_bМ
_jК-3/28352(1)а
_pМОЭ 2015-21н/356на
_t2
942 _cSCORE
980 _aNB
980 _aONIZ